Score 0/11 Timer 01:00
8 Plays Today
Clue 4-Letter Word % Correct
Two squaredFOUR
99.1%
A place to go swimmingPOOL
98.5%
A fireman slides down thisPOLE
97.5%
Condition of almanac writer RichardPOOR
97.3%
Fill up a glassPOUR
96.3%
Pre-election surveyPOLL
92.5%
Having little color in your facePALE
92.2%
Sum of the first two primesFIVE
92.2%
'I Alone' bandLIVE
90.6%
Make a road out of asphaltPAVE
80%
Wash or batheLAVE
69%

Today's Daily Dose

Remove Ads.
Support Sporcle.
Get the best of Sporcle when you Go Orange. This ad-free experience offers more features, more stats, and more fun while also helping to support Sporcle. Thank you for becoming a member.

You're not logged in!

Compare scores with friends on all Sporcle quizzes.
OR
Log In

Show Comments

Extras

Top Quizzes Today


Score Distribution

Your Account Isn't Verified!

In order to create a playlist on Sporcle, you need to verify the email address you used during registration. Go to your Sporcle Settings to finish the process.

Report this User

Report this user for behavior that violates our Community Guidelines.

Details: